000 00425nam a2200169Ia 4500
008 090711s9999 xx 000 0 und d
082 _b44890
100 _aआफळे सुनीती
245 _aअनाथ
260 _c1981
300 _a136
600 _aआफळे सुनीती
630 _aअनाथ
700 _aआफळे सुनीती
730 _aअनाथ
942 _cBOOK
999 _c328066
_d328066